| 000 | 01233nam0a2200301 4500 | ||
|---|---|---|---|
| 001 | RU\NLR\bibl\1275063 | ||
| 005 | 20250615135430.0 | ||
| 010 |
_a978-5-9775-0308-2 _bБХВ-Петербург |
||
| 010 |
_a978-5-7502-0329-1 _bРусская Редакция _92000 |
||
| 021 |
_aRU _b2008-58907 _93287 |
||
| 035 | _a(NLR Aleph) 001260890 | ||
| 090 |
_a378383 _c378383 |
||
| 100 | _a20080919d2008 |||y0rusy50 ca | ||
| 101 | 1 | _arus | |
| 102 | _aRU | ||
| 105 | _aa ||||||||| | ||
| 200 | 1 |
_aMicrosoft Exchange Server 2007 _eсправочник администратора _e[перевод с английского] _fУильям Р. Станек |
|
| 210 |
_aМосква _cРусская Редакция _aСанкт-Петербург _cБХВ-Петербург _d2008 |
||
| 215 |
_a474 с. _cил. _d24 |
||
| 300 | _aАвт. также на англ. яз.: William R. Stanek | ||
| 606 | 1 |
_aMICROSOFT EXCHANGE SERVER 2007, электронная почта _jСправочники _92521394 _3RU\NLR\auth\661494075 |
|
| 686 | _aЗ988.02-018.2я22 | ||
| 700 | 1 |
_aСтанек _bУ. Р. _gУильям Р _4070 |
|
| 801 | 0 |
_aRU _bNLR _c20080919 _gRCR |
|
| 801 | 1 |
_aRU _bNLR _c20080919 |
|
| 942 | _cBOOK | ||
| 980 | _aNB | ||